| 000 | 00519nam a2200145 a 4500 | ||
|---|---|---|---|
| 001 | 000045054 | ||
| 005 | 20201002045835.0 | ||
| 008 | 150130s1988 dr a 000 0 spa d | ||
| 040 |
_aDO-SdBNP _bspa _cBNPHU |
||
| 082 |
_axxxx _bxxxx |
||
| 245 | 0 | 0 |
_aBiología moderna 4 : _bcuarto curso, educación media / _cdirección pegagógica: Psicólogo Héctor Manuel Rodríguez. |
| 260 |
_aSanto Domingo : _bSusaeta Ediciones Dominicanas, _c1988. |
||
| 300 |
_a206 p. : _bil. ; _c25 cm. |
||
| 700 | 1 | 2 |
_aRodríguez, Héctor Manuel _936592 |
| 999 |
_c44543 _d44543 |
||